[Event "SR 3. liga A2 2016/2017"]
[Site "?"]
[Date "2017.01.22"]
[Round "7.4"]
[White "Bugar, Peter"]
[Black "Meszaros, Lorant"]
[Result "1/2-1/2"]
[WhiteElo "1942"]
[BlackElo "2009"]
[PlyCount "70"]
[EventDate "2016.??.??"]

1. e4 c5 2. Nf3 d6 3. b3 Nf6 4. d3 Nc6 5. Bb2 g6 6. Nbd2 Bg7 7. g3 O-O 8. Bg2
b6 9. O-O Bb7 10. Re1 a6 11. h3 Rc8 12. e5 dxe5 13. Nxe5 Rc7 14. Ndc4 Nxe5 15.
Nxe5 Bxg2 16. Kxg2 Ne8 17. Qf3 Nd6 18. Nc6 Qe8 19. Bxg7 Kxg7 20. Ne5 f6 21. Nc4
Nxc4 22. bxc4 e5 23. h4 Qd7 24. Qe3 Qd4 25. Qxd4 exd4 26. Re6 Rb7 27. Rb1 Rfb8
28. a4 Kf7 29. Rbe1 Rd8 30. f4 h5 31. Kf3 a5 32. f5 gxf5 33. Kf4 Kg6 34. Rb1
Rdb8 35. Rbe1 Rd8 1/2-1/2

[Event "SR 3. liga A2 2016/2017"]
[Site "?"]
[Date "2017.01.22"]
[Round "7.4"]
[White "Szitasi, Janos"]
[Black "Matis, Tibor ml"]
[Result "1/2-1/2"]
[WhiteElo "1973"]
[BlackElo "1842"]
[PlyCount "56"]
[EventDate "2016.??.??"]

1. e4 c5 2. Nf3 d6 3. d4 cxd4 4. Nxd4 Nf6 5. Nc3 a6 6. Be2 e5 7. Nb3 Be6 8. O-O
Be7 9. Bg5 Nc6 10. a4 O-O 11. Qd2 Qc7 12. Rad1 Rac8 13. Bxf6 gxf6 14. Qh6 f5
15. exf5 Bxf5 16. Nd5 Qd8 17. Ne3 Bg6 18. Nc5 Rc7 19. c3 Bg5 20. Qh3 Ne7 21.
Nd3 Qc8 22. Qxc8 Rcxc8 23. Nb4 Bxe3 24. fxe3 Nf5 25. Nd5 Rc5 26. e4 Rxd5 27.
Rxd5 Ne3 28. Rxd6 Nxf1 1/2-1/2

[Event "SR 3. liga A2 2016/2017"]
[Site "?"]
[Date "2017.01.22"]
[Round "7.4"]
[White "Mezes, Kristof"]
[Black "Kalman, Miklos"]
[Result "1/2-1/2"]
[WhiteElo "1442"]
[BlackElo "1796"]
[PlyCount "65"]
[EventDate "2016.??.??"]

1. e4 e5 2. Nf3 Nc6 3. Bc4 Bc5 4. c3 d6 5. d4 exd4 6. cxd4 Bb4+ 7. Nc3 Nge7 8.
O-O O-O 9. h3 Bxc3 10. bxc3 d5 11. exd5 Nxd5 12. Qb3 Nb6 13. Bd3 Be6 14. Qc2 h6
15. Bf5 Na5 16. Ne5 Nac4 17. Bxe6 Nxe5 18. dxe5 fxe6 19. Be3 Qd5 20. Rfe1 Rad8
21. Rad1 Qb5 22. Rxd8 Rxd8 23. Rd1 Rxd1+ 24. Qxd1 Qxe5 25. Qd8+ Kh7 26. Qd3+
Kg8 27. Qd8+ Kh7 28. Qd3+ g6 29. Qd8 Qg7 30. Qb8 Nd5 31. Bd4 e5 32. Bxa7 b6 33.
c4 1/2-1/2

[Event "SR 3. liga A2 2016/2017"]
[Site "?"]
[Date "2017.01.22"]
[Round "7.4"]
[White "Gyurkovics, Gergely"]
[Black "Olle, Akos"]
[Result "1-0"]
[WhiteElo "1565"]
[BlackElo "1290"]
[PlyCount "63"]
[EventDate "2016.??.??"]

1. e4 e5 2. Nf3 Nc6 3. Bc4 Bc5 4. O-O Nf6 5. Nc3 O-O 6. d3 d6 7. h3 h6 8. Be3
Bxe3 9. fxe3 Ne7 10. d4 exd4 11. exd4 Ng6 12. Qd2 Re8 13. Rae1 Bd7 14. e5 dxe5
15. dxe5 Nh5 16. Bxf7+ Kxf7 17. Nh4+ Nhf4 18. Nxg6 Kxg6 19. Qxf4 Kh7 20. Rd1
Qe7 21. Qf7 Bc6 22. Rde1 Qg5 23. Qf5+ Qxf5 24. Rxf5 Re6 25. Rf7 Rc8 26. Nd1 Be8
27. Rf2 Bg6 28. Rfe2 Rce8 29. Nc3 Kg8 30. Nd5 Bh5 31. g4 Bg6 32. Nxc7 1-0

[Event "SR 3. liga A2 2016/2017"]
[Site "?"]
[Date "2017.01.22"]
[Round "7.4"]
[White "Minarik, Jozef"]
[Black "Lelkes, Geza"]
[Result "1/2-1/2"]
[WhiteElo "1213"]
[BlackElo "1587"]
[PlyCount "58"]
[EventDate "2016.??.??"]

1. e4 e5 2. Nf3 d6 3. Nc3 Nc6 4. Bc4 h6 5. h3 Nf6 6. O-O Be7 7. Re1 O-O 8. a3
Re8 9. d4 exd4 10. Nxd4 Ne5 11. Ba2 Bf8 12. Be3 Be6 13. Nxe6 fxe6 14. Qe2 Kh8
15. Rad1 Qe7 16. Qb5 c6 17. Qe2 d5 18. exd5 exd5 19. Bd4 Ned7 20. Qxe7 Rxe7 21.
Kf1 Rae8 22. Rxe7 Rxe7 23. Re1 Rxe1+ 24. Kxe1 Bd6 25. Kd2 Kg8 26. Bxa7 Kf8 27.
Kd3 Nh5 28. g4 Nf4+ 29. Ke3 Nxh3 1/2-1/2

[Event "SR 3. liga A2 2016/2017"]
[Site "?"]
[Date "2017.01.22"]
[Round "7.4"]
[White "Galffy, Bence"]
[Black "Mits, Mark"]
[Result "0-1"]
[WhiteElo "1296"]
[BlackElo "1000"]
[PlyCount "52"]
[EventDate "2016.??.??"]

1. e4 e5 2. Nf3 Nc6 3. Nc3 Nf6 4. h3 d5 5. exd5 Nxd5 6. Bc4 Be6 7. Nxd5 Bxd5 8.
Bxd5 Qxd5 9. O-O O-O-O 10. a3 f5 11. d3 h6 12. b4 g5 13. Bb2 Rg8 14. Bc3 g4 15.
hxg4 Rxg4 16. b5 Nd4 17. Bxd4 exd4 18. Re1 Bd6 19. Qe2 Kb8 20. Reb1 Rdg8 21. c4
dxc3 22. g3 Bxg3 23. fxg3 Rxg3+ 24. Kf2 Rg2+ 25. Kf1 Rxe2 26. Kxe2 Rg2+ 0-1

[Event "SR 3. liga A2 2016/2017"]
[Site "?"]
[Date "2017.01.22"]
[Round "7.5"]
[White "Pagerka, Martin"]
[Black "Straka, Jozef Ml"]
[Result "1/2-1/2"]
[WhiteElo "2331"]
[BlackElo "2273"]
[PlyCount "23"]
[EventDate "2016.??.??"]

1. e4 c5 2. Nf3 Nc6 3. d4 cxd4 4. Nxd4 e5 5. Nb5 a6 6. Nd6+ Bxd6 7. Qxd6 Qe7 8.
Qc7 d5 9. Qxe7+ Ngxe7 10. Nc3 Nb4 11. Bd3 Be6 12. exd5 1/2-1/2

[Event "SR 3. liga A2 2016/2017"]
[Site "?"]
[Date "2017.01.22"]
[Round "7.5"]
[White "Danada, Tomas"]
[Black "Sebesta, Radovan"]
[Result "1-0"]
[WhiteElo "2231"]
[BlackElo "1988"]
[PlyCount "79"]
[EventDate "2016.??.??"]

1. d4 Nf6 2. Nf3 e6 3. c4 b6 4. g3 Ba6 5. Qb3 Be7 6. Bg2 Bb7 7. O-O O-O 8. Rd1
d6 9. d5 e5 10. Nc3 Nbd7 11. Qc2 a5 12. Rb1 Nc5 13. b3 Bc8 14. a3 Bg4 15. b4
axb4 16. axb4 Ncd7 17. Be3 Bh5 18. Ra1 Bg6 19. Qb2 Ng4 20. Bd2 h6 21. Nb5 Rxa1
22. Rxa1 Bf6 23. Bc3 h5 24. Ra7 h4 25. Rxc7 e4 26. Bxf6 Ndxf6 27. Nfd4 e3 28.
f3 hxg3 29. hxg3 Ne5 30. Qc3 Nh5 31. Qxe3 Nxg3 32. f4 Qh4 33. fxe5 Ra8 34. Ra7
Rxa7 35. Nxa7 dxe5 36. Ndc6 e4 37. d6 Nf5 38. Qf2 Qg5 39. d7 Qc1+ 40. Kh2 1-0

[Event "SR 3. liga A2 2016/2017"]
[Site "?"]
[Date "2017.01.22"]
[Round "7.5"]
[White "Palka, Miroslav"]
[Black "Sosovicka, Juraj"]
[Result "0-1"]
[WhiteElo "1949"]
[BlackElo "2167"]
[PlyCount "92"]
[EventDate "2016.??.??"]

1. c4 e5 2. Nc3 Nf6 3. e4 Bc5 4. g3 d6 5. h3 Nc6 6. Nge2 Be6 7. d3 h6 8. Bg2
Qd7 9. Nd5 Nd4 10. Be3 Nxe2 11. Qxe2 c6 12. Nxf6+ gxf6 13. g4 h5 14. f3 Bb4+
15. Bd2 Bxd2+ 16. Qxd2 d5 17. b3 O-O-O 18. O-O-O Qd6 19. Qc2 Kb8 20. Rhf1 Qa3+
21. Qb2 Qc5 22. Qf2 Qa5 23. Kb2 b5 24. Qc5 dxc4 25. bxc4 Qa6 26. a3 bxc4 27.
dxc4 Bxc4 28. Rxd8+ Rxd8 29. Rf2 Qb5+ 30. Qxb5+ cxb5 31. gxh5 Rh8 32. f4 Rxh5
33. fxe5 fxe5 34. Rf5 Rxf5 35. exf5 Bd3 36. f6 Kc7 37. Kc3 e4 38. Kd4 Kd6 39.
Bxe4 Bxe4 40. Kxe4 Ke6 41. Kd4 Kxf6 42. Kc5 a6 43. Kb6 Ke5 44. Kxa6 f5 45. Kxb5
f4 46. Kc4 Ke4 0-1

[Event "SR 3. liga A2 2016/2017"]
[Site "?"]
[Date "2017.01.22"]
[Round "7.5"]
[White "Pribila, Gerhard"]
[Black "Palka, Martin"]
[Result "1-0"]
[WhiteElo "2135"]
[BlackElo "1873"]
[PlyCount "101"]
[EventDate "2016.??.??"]

1. Nf3 d5 2. g3 Nf6 3. Bg2 e6 4. O-O Be7 5. c4 O-O 6. b3 Nbd7 7. Bb2 c6 8. d3
b6 9. e4 Bb7 10. e5 Ne8 11. Nc3 Nc7 12. Qe2 Re8 13. Rfe1 Nf8 14. cxd5 exd5 15.
d4 Ba6 16. Qc2 Qd7 17. Nd1 Rac8 18. Ne3 g6 19. Qd2 f5 20. exf6 Bxf6 21. Ne5 Qd6
22. N3g4 Bg7 23. Nh6+ Bxh6 24. Qxh6 Nce6 25. Bh3 Rc7 26. Rac1 Bc8 27. Ng4 Ng7
28. Rxe8 Nxe8 29. Ne5 Bxh3 30. Qxh3 Ng7 31. Re1 Nf5 32. g4 Ng7 33. Qg3 Nd7 34.
Qf4 Nxe5 35. dxe5 Qe6 36. Qg3 Rf7 37. f4 c5 38. h3 d4 39. Bc1 h5 40. Qf3 hxg4
41. hxg4 Ne8 42. Kg2 Rh7 43. f5 gxf5 44. gxf5 Qd7 45. Re4 Qb7 46. f6 Qf7 47.
Rf4 Kh8 48. Rg4 Qh5 49. Kf1 Qf7 50. Rf4 Qg6 51. f7 1-0

[Event "SR 3. liga A2 2016/2017"]
[Site "?"]
[Date "2017.01.22"]
[Round "7.5"]
[White "Lanik, Miroslav"]
[Black "Brunovsky, Peter"]
[Result "1/2-1/2"]
[WhiteElo "1869"]
[BlackElo "1818"]
[PlyCount "30"]
[EventDate "2016.??.??"]

1. e4 c6 2. d4 d5 3. e5 Bf5 4. Ne2 e6 5. Ng3 Bg6 6. h4 h5 7. Be2 Be7 8. Bxh5
Bxh5 9. Nxh5 g6 10. Nf4 Rxh4 11. Rxh4 Bxh4 12. Be3 Nd7 13. Nd2 Bg5 14. Nf3 Bxf4
15. Bxf4 Qa5+ 1/2-1/2

[Event "SR 3. liga A2 2016/2017"]
[Site "?"]
[Date "2017.01.22"]
[Round "7.5"]
[White "Kocak, Branislav"]
[Black "Skapikova, Lubica"]
[Result "1/2-1/2"]
[WhiteElo "1879"]
[BlackElo "1897"]
[PlyCount "45"]
[EventDate "2016.??.??"]

1. Nf3 Nc6 2. c4 e5 3. Nc3 Nf6 4. d4 exd4 5. Nxd4 Be7 6. g3 O-O 7. Bg2 Nxd4 8.
Qxd4 d6 9. O-O Nd7 10. Nd5 Bf6 11. Nxf6+ Qxf6 12. Qxf6 Nxf6 13. Bg5 Ng4 14.
Rfe1 h6 15. Bd2 Rb8 16. Bc3 Re8 17. b3 b6 18. h3 Ne5 19. Bxe5 Rxe5 20. e3 Bb7
21. Red1 Bxg2 22. Kxg2 Rbe8 23. Rd4 1/2-1/2

[Event "SR 3. liga A2 2016/2017"]
[Site "?"]
[Date "2017.01.22"]
[Round "7.5"]
[White "Huska, Branislav"]
[Black "Valla, Tomas"]
[Result "1/2-1/2"]
[WhiteElo "1802"]
[BlackElo "1855"]
[PlyCount "20"]
[EventDate "2016.??.??"]

1. e4 c5 2. Nf3 g6 3. d4 cxd4 4. Nxd4 Bg7 5. c4 Nc6 6. Nc2 Nf6 7. Nc3 O-O 8.
Be2 d6 9. O-O Nd7 10. Bd3 Nc5 1/2-1/2

[Event "SR 3. liga A2 2016/2017"]
[Site "?"]
[Date "2017.01.22"]
[Round "7.5"]
[White "Zajicek, Ferdinand"]
[Black "Kir, Kvetoslav"]
[Result "1/2-1/2"]
[WhiteElo "1779"]
[BlackElo "1765"]
[PlyCount "69"]
[EventDate "2016.??.??"]

1. e4 e6 2. d4 d5 3. e5 c5 4. c3 Nc6 5. Be3 Nge7 6. Nf3 Nf5 7. Qd2 cxd4 8. Bxd4
Nfxd4 9. cxd4 g6 10. Nc3 a6 11. Be2 Bg7 12. O-O O-O 13. Rad1 Bd7 14. Ne1 f6 15.
f4 fxe5 16. fxe5 Rxf1+ 17. Bxf1 Qe7 18. Nf3 Rf8 19. Ne2 Na7 20. Qa5 Bb5 21. Qd2
Nc6 22. Nc3 Bxf1 23. Rxf1 Qb4 24. Rd1 Na5 25. Ne2 Qb6 26. b3 Nc6 27. Kh1 Ne7
28. Nc3 Nf5 29. Na4 Qc7 30. Nc5 Qe7 31. Qg5 Qf7 32. Qf4 Bh6 33. Ng5 Bxg5 34.
Qxg5 Nxd4 35. h4 1/2-1/2

[Event "SR 3. liga A2 2016/2017"]
[Site "?"]
[Date "2017.01.22"]
[Round "7.6"]
[White "Mosny, Jaroslav"]
[Black "Lopatievov, Alexander"]
[Result "1/2-1/2"]
[WhiteElo "1964"]
[BlackElo "1869"]
[PlyCount "145"]
[EventDate "2016.??.??"]

1. d4 d5 2. Nf3 Nf6 3. e3 c6 4. Be2 Nbd7 5. b3 Ne4 6. O-O e6 7. Bb2 Bd6 8. Nbd2
Qc7 9. c4 Nxd2 10. Qxd2 O-O 11. Rad1 Re8 12. Rfe1 Nf6 13. Bd3 b6 14. e4 dxe4
15. Bxe4 Nxe4 16. Rxe4 Bb7 17. Rde1 h6 18. Rg4 f5 19. Rg6 Bf4 20. Qe2 Qf7 21.
Rxe6 Rxe6 22. Qxe6 Qxe6 23. Rxe6 Kf7 24. Re1 Re8 $11 25. Rxe8 Kxe8 26. Kf1 g5
27. h3 Kf7 28. Ke2 Ke6 29. Ba3 g4 30. Ne1 h5 31. Nd3 Bc7 32. Bc1 gxh3 33. gxh3
Kf6 34. Kf3 b5 35. Bf4 bxc4 36. bxc4 Ba5 37. Be5+ Kg5 38. Nc5 Bc8 39. Kg3 h4+
40. Kf3 Bd2 41. Bc7 Bc3 42. Ke3 Bb4 43. Nd3 Be7 44. d5 cxd5 45. cxd5 Bf6 46.
f4+ Kg6 47. Nc5 Kf7 48. Kd3 Ke8 49. Kc4 Bd8 50. d6 Bf6 51. Kd5 Bd7 52. Bb8 a5
53. Ba7 Bc3 54. Ne6 Kf7 55. Ng5+ Kg6 56. Nf3 Kf7 57. Bd4 Bb4 58. Bb2 a4 59. a3
Ba5 60. Ne5+ Ke8 61. Nc4 Be1 62. Bd4 Bg3 63. Ke5 Be1 64. Ne3 Bd2 65. Nxf5 Bc1
66. Bc5 Bb2+ 67. Bd4 Bxa3 68. Kf6 Bxf5 69. Kxf5 Bxd6 70. Kg4 Be7 71. f5 Kf7 72.
Bb2 a3 73. Bxa3 1/2-1/2

[Event "SR 3. liga A2 2016/2017"]
[Site "?"]
[Date "2017.01.22"]
[Round "7.6"]
[White "Bango, Dominik"]
[Black "Doucha, Ludvig"]
[Result "1-0"]
[WhiteElo "1756"]
[BlackElo "1919"]
[PlyCount "101"]
[EventDate "2016.??.??"]

1. e4 e5 2. Nf3 d6 3. Bc4 c5 4. O-O Nc6 5. c3 h6 6. h3 Qc7 7. d3 Be7 8. Be3 Nf6
9. Nbd2 O-O 10. Qc2 Nh7 11. d4 Kh8 12. dxc5 dxc5 13. Nb3 b6 14. Rad1 Bb7 15.
Bd5 Rad8 16. c4 Nb4 17. Qb1 Nxd5 18. exd5 f5 19. Rfe1 e4 20. Nh2 Bd6 21. Nf1
Bc8 22. Bd2 Rde8 23. Qc2 Nf6 24. Bc3 Nd7 25. Nbd2 Ne5 26. Bxe5 Rxe5 27. f3 exf3
28. Nxf3 Ree8 29. Qc3 Bd7 30. Ne3 Kh7 31. Nc2 Rxe1+ 32. Rxe1 Re8 33. Ne3 Bg3
34. Re2 Qd6 35. Nxf5 Bxf5 36. Rxe8 Qg6 37. Re2 Bd7 38. Qc2 Bf5 39. Qc3 Bd7 40.
Qc2 Bf5 41. Qd1 Be4 42. Re3 Bf4 43. Rc3 Bd6 44. Qe2 Bxf3 45. Rxf3 Qb1+ 46. Rf1
Qg6 47. Qe6 Qg3 48. Qe4+ Kg8 49. Rf3 Qh2+ 50. Kf2 Qh1 51. Qe6+ 1-0

[Event "SR 3. liga A2 2016/2017"]
[Site "?"]
[Date "2017.01.22"]
[Round "7.6"]
[White "Bukovsky, Milan"]
[Black "Vagovic, Milan"]
[Result "1-0"]
[WhiteElo "1914"]
[BlackElo "1638"]
[PlyCount "93"]
[EventDate "2016.??.??"]

1. d4 d5 2. Nf3 e6 3. c4 Nf6 4. Nc3 c6 5. Bg5 Be7 6. e3 O-O 7. Qc2 Nbd7 8. cxd5
cxd5 9. Bd3 h6 10. Bh4 a6 11. O-O b5 12. Rac1 Bb7 13. Qe2 Rc8 14. Bb1 Ne4 15.
Bxe7 Qxe7 16. Qd3 Ndf6 17. Ne2 Rc4 18. Ne5 Rxc1 19. Rxc1 Rc8 20. Rxc8+ Bxc8 21.
f3 Ng5 22. h4 Ngh7 23. Nf4 Nf8 24. g3 Qb4 25. Qc3 Qxc3 26. bxc3 Bb7 27. Kf2
N6d7 28. Nfd3 f6 29. Nxd7 Nxd7 30. Bc2 Kf7 31. a4 Nb6 32. axb5 axb5 33. Nc5 Bc6
34. Bb3 Nc4 35. Ke2 Ke7 36. Kd3 f5 37. Bxc4 dxc4+ 38. Ke2 g5 39. hxg5 hxg5 40.
e4 fxe4 41. fxe4 Kf6 42. Ke3 Kg6 43. Nxe6 Kf6 44. d5 Bd7 45. Nc5 Ke7 46. Nxd7
Kxd7 47. Kd4 1-0

[Event "SR 3. liga A2 2016/2017"]
[Site "?"]
[Date "2017.01.22"]
[Round "7.6"]
[White "Rau, Vladimir"]
[Black "Bahna, Jan"]
[Result "1/2-1/2"]
[WhiteElo "1667"]
[BlackElo "1856"]
[PlyCount "64"]
[EventDate "2016.??.??"]

1. d4 d5 2. c4 e6 3. Nc3 Nf6 4. e3 Be7 5. Nf3 a6 6. Be2 dxc4 7. Bxc4 b5 8. Bb3
Bb7 9. O-O Nbd7 10. Bd2 c5 11. dxc5 Nxc5 12. Bc2 O-O 13. Qe2 Nfe4 14. Nxe4 Nxe4
15. Rfd1 Re8 16. Bxe4 Bxe4 17. Bc3 Qc7 18. a3 Red8 19. Nd4 e5 20. Nf3 f6 21.
Nd2 Bd5 22. Qg4 Qb6 23. Nf3 Be6 24. Qe4 Bb3 25. Rxd8+ Rxd8 26. h3 Bd5 27. Qg4
Be6 28. Qe4 a5 29. b4 a4 30. Bb2 Bd5 31. Qg4 Qb7 32. Ne1 Bc4 1/2-1/2

[Event "SR 3. liga A2 2016/2017"]
[Site "?"]
[Date "2017.01.22"]
[Round "7.6"]
[White "Krist, Milan"]
[Black "Dobis, Pavol"]
[Result "1/2-1/2"]
[WhiteElo "1840"]
[BlackElo "1645"]
[PlyCount "38"]
[EventDate "2016.??.??"]

1. d4 d5 2. Nf3 Nc6 3. e3 e6 4. c4 Nf6 5. Nc3 a6 6. Bd3 Bb4 7. Bd2 O-O 8. O-O
dxc4 9. Bxc4 b5 10. Be2 Bb7 11. Qc2 Ne7 12. Rac1 Bd6 13. a3 c5 14. dxc5 Bxc5
15. b4 Bd6 16. Rfd1 Qc7 17. Ne4 Bxe4 18. Qxc7 Bxc7 19. Rxc7 Ned5 1/2-1/2

[Event "SR 3. liga A2 2016/2017"]
[Site "?"]
[Date "2017.01.22"]
[Round "7.6"]
[White "Kramar, Matus"]
[Black "Babirat, Michal"]
[Result "0-1"]
[WhiteElo "1563"]
[BlackElo "1798"]
[PlyCount "36"]
[EventDate "2016.??.??"]

1. e4 c5 2. Nf3 d6 3. d4 cxd4 4. Nxd4 Nf6 5. Nc3 g6 6. Be3 Bg7 7. Qd2 Nc6 8.
Bb5 Bd7 9. Bxc6 bxc6 10. h3 O-O 11. O-O-O c5 12. Nf3 Qb6 13. b3 a5 14. a4 Rfb8
15. Kb1 Qb4 16. e5 dxe5 17. Nxe5 Bf5 18. Nc6 Qxb3+ 0-1

[Event "SR 3. liga A2 2016/2017"]
[Site "?"]
[Date "2017.01.22"]
[Round "7.6"]
[White "Puskar, David"]
[Black "Vojtkova, Linda"]
[Result "1-0"]
[WhiteElo "1748"]
[BlackElo "1462"]
[PlyCount "59"]
[EventDate "2016.??.??"]

1. c4 e5 2. Nc3 Nf6 3. g3 d6 4. Bg2 c5 5. e3 Nc6 6. Nge2 g6 7. d4 exd4 8. exd4
Bg7 9. dxc5 dxc5 10. Qxd8+ Nxd8 11. Be3 Ne6 12. O-O O-O 13. Na4 Nd7 14. Nec3
Rb8 15. Nd5 b6 16. Rad1 Re8 17. Nac3 Ne5 18. b3 Bb7 19. Nb5 Bxd5 20. cxd5 a6
21. Nd6 Red8 22. dxe6 fxe6 23. Bf4 Rf8 24. Rfe1 Ng4 25. Rxe6 Rbd8 26. Bd5 Kh8
27. Re7 Ne5 28. Bxe5 Bxe5 29. Nf7+ Rxf7 30. Rxf7 1-0

[Event "SR 3. liga A2 2016/2017"]
[Site "?"]
[Date "2017.02.05"]
[Round "8.1"]
[White "Spacek, Oliver"]
[Black "Puskar, Peter"]
[Result "1-0"]
[WhiteElo "2172"]
[BlackElo "2206"]
[PlyCount "127"]
[EventDate "2016.??.??"]

1. d4 Nf6 2. Nf3 e6 3. c4 b6 4. a3 Bb7 5. Nc3 d5 6. Bg5 Be7 7. e3 O-O 8. Qc2
Nbd7 9. cxd5 exd5 10. Bd3 c5 11. O-O a6 12. Rad1 Re8 13. Ne5 Nf8 14. f4 Rc8 15.
Bf5 Rc7 16. Qb3 b5 17. dxc5 Bxc5 18. Ne4 Be7 19. Bxf6 Bxf6 20. Ng4 dxe4 21.
Rxd8 Bxd8 22. Nf2 g6 23. Bg4 Bf6 24. Rd1 Rd8 25. Rxd8 Bxd8 26. Nd1 Nd7 27. Bxd7
Rxd7 28. Nf2 Bd5 29. Qc3 f5 30. Qc8 Rd6 31. Qb8 Rd7 32. Qc8 Rd6 33. Qb8 Rd7 34.
Nd1 Bb7 35. Nc3 Kf7 36. Ne2 Bf6 37. Nc3 h5 38. Kf1 Bg7 39. Ke2 Bf6 40. g3 Bg7
41. h3 Bf6 42. Qa7 Bd8 43. Qb8 Bf6 44. Qa7 Bd8 45. Nd5 Bc6 46. Qxa6 Bxd5 47.
Qxb5 Ke6 48. b4 Be7 49. a4 Rb7 50. Qa6+ Bd6 51. b5 Kd7 52. b6 Rb8 53. a5 Ra8
54. Qb5+ Bc6 55. Qb3 Rxa5 56. Qf7+ Be7 57. Qxg6 Ra2+ 58. Kd1 Ba4+ 59. Kc1 Bb3
60. Qxf5+ Kd8 61. Kb1 Ba3 62. Qf6+ Ke8 63. b7 Rb2+ 64. Qxb2 1-0

[Event "SR 3. liga A2 2016/2017"]
[Site "?"]
[Date "2017.02.05"]
[Round "8.1"]
[White "Kolenak, Matus"]
[Black "Nemeckay, Rastislav"]
[Result "1/2-1/2"]
[WhiteElo "1977"]
[BlackElo "1990"]
[PlyCount "36"]
[EventDate "2016.??.??"]

1. e4 e5 2. Nf3 Nc6 3. Bb5 a6 4. Ba4 Nf6 5. O-O b5 6. Bb3 Be7 7. Re1 d6 8. h3
Na5 9. d3 O-O 10. Nbd2 c5 11. c3 Nxb3 12. axb3 Qc7 13. Nf1 Bd7 14. Ng3 a5 15.
Nh4 g6 16. Bg5 Bc6 17. Qd2 Ne8 18. Bxe7 Qxe7 1/2-1/2

[Event "SR 3. liga A2 2016/2017"]
[Site "?"]
[Date "2017.02.05"]
[Round "8.1"]
[White "Ocko, Martin"]
[Black "Sturdik, Igor"]
[Result "1/2-1/2"]
[WhiteElo "1947"]
[BlackElo "1975"]
[PlyCount "20"]
[EventDate "2016.??.??"]

1. Nf3 Nf6 2. c4 c5 3. g3 g6 4. Bg2 Bg7 5. O-O Nc6 6. Nc3 O-O 7. d4 cxd4 8.
Nxd4 Qb6 9. Nc2 d6 10. Rb1 Be6 1/2-1/2

[Event "SR 3. liga A2 2016/2017"]
[Site "?"]
[Date "2017.02.05"]
[Round "8.1"]
[White "Mosny, Jaroslav"]
[Black "Danada, Ondrej"]
[Result "1/2-1/2"]
[WhiteElo "1961"]
[BlackElo "1901"]
[PlyCount "137"]
[EventDate "2016.??.??"]

1. d4 Nf6 2. Nf3 g6 3. Bg5 Bg7 4. Nbd2 c5 5. c3 cxd4 6. cxd4 d5 7. e3 Qa5 8.
Bd3 Ne4 9. O-O Nxg5 10. Nxg5 O-O 11. f4 h6 12. Ngf3 Bf5 13. Bxf5 gxf5 14. Ne5
Nc6 15. Nxc6 bxc6 16. Nb3 Qb6 17. Qc2 e6 18. Nc5 Rfc8 19. b3 Bf8 20. Nd7 Qd8
21. Nxf8 Qxf8 22. Rfc1 Rab8 23. Qc5 Qxc5 24. Rxc5 Rb6 25. Rac1 Ra6 26. R1c2 Kf8
27. Kf2 Ke7 28. Ke1 Kd7 29. Kd1 Rb8 30. Kc1 Rb5 31. Kb2 Rba5 32. a4 Kd6 33. Ka3
Rb5 34. b4 Rb8 35. a5 Kd7 36. Ka4 f6 37. g3 h5 38. Rg2 e5 39. fxe5 fxe5 40. Rf2
Ke6 41. Rc1 h4 42. Rcf1 hxg3 43. hxg3 Rf8 44. Rh1 Rf6 45. Rh5 Rf7 46. Rh6+ Rf6
47. Rfh2 exd4 48. exd4 Kf7 49. Rxf6+ Kxf6 50. Rh4 Kg5 51. Rf4 c5 52. Kb5 Re6
53. Kxc5 Re3 54. Kxd5 Rxg3 55. Rf1 f4 56. b5 Ra3 57. Kc6 Rxa5 58. d5 Ra2 59.
Rd1 Rc2+ 60. Kb7 Rb2 61. d6 Rxb5+ 62. Kxa7 Rf5 63. d7 Rf8 64. d8=Q+ Rxd8 65.
Rxd8 f3 66. Kb6 Kg4 67. Kc5 f2 68. Rf8 Kg3 69. Kd4 1/2-1/2

[Event "SR 3. liga A2 2016/2017"]
[Site "?"]
[Date "2017.02.05"]
[Round "8.1"]
[White "Diviak, Rudolf"]
[Black "Doucha, Ludvig"]
[Result "1/2-1/2"]
[WhiteElo "1795"]
[BlackElo "1902"]
[PlyCount "29"]
[EventDate "2016.??.??"]

1. e4 e5 2. Nf3 d6 3. d4 exd4 4. Qxd4 Nc6 5. Bb5 Nge7 6. Bg5 f6 7. Be3 a6 8.
Qa4 Bd7 9. Be2 Ne5 10. Qb3 Nxf3+ 11. Bxf3 Bc6 12. Nd2 Ng6 13. O-O-O Qe7 14.
Rhe1 O-O-O 15. Bg4+ 1/2-1/2

[Event "SR 3. liga A2 2016/2017"]
[Site "?"]
[Date "2017.02.05"]
[Round "8.1"]
[White "Bukovsky, Milan"]
[Black "Spacek, Marcel"]
[Result "0-1"]
[WhiteElo "1922"]
[BlackElo "1787"]
[PlyCount "126"]
[EventDate "2016.??.??"]

1. d4 Nf6 2. Nf3 g6 3. c4 Bg7 4. Nc3 O-O 5. Bg5 d6 6. e3 c5 7. d5 Qa5 8. Qd2 a6
9. Rd1 Nbd7 10. Be2 Nb6 11. O-O Na4 12. Nxa4 Qxa4 13. b3 Qa3 14. Qc2 Bd7 15. e4
Rfe8 16. Bc1 Qa5 17. Bd2 Qc7 18. Bc3 b5 19. e5 Nh5 20. exd6 exd6 21. Bxg7 Kxg7
22. Qc3+ Kg8 23. Rfe1 Nf4 24. Bf1 b4 25. Qf6 Nh5 26. Qh4 Qd8 27. Rxe8+ Bxe8 28.
Qg5 Qxg5 29. Nxg5 Nf6 30. Re1 Kf8 31. f3 a5 32. a4 Bd7 33. Bd3 Re8 34. Rxe8+
Kxe8 35. Kf2 Ke7 36. Ke3 h6 37. Ne4 Nh5 38. g4 Ng7 39. Ng3 Ne8 40. h4 Nf6 41.
g5 hxg5 42. hxg5 Nh5 43. Ne2 Bh3 44. Nf4 Bd7 45. Nxh5 gxh5 46. f4 Bg4 47. Bc2
f6 48. Kf2 fxg5 49. fxg5 h4 50. Ke3 Bh5 51. Kf4 Kf7 52. Ke3 Bg6 53. Bd1 Bb1 54.
Kf4 Kg6 55. Kg4 h3 56. Kxh3 Kxg5 57. Kg3 Be4 58. Kf2 Kf4 59. Ke1 Ke3 60. Bh5
Bc2 61. Be8 Bxb3 62. Bc6 Bc2 63. Bb5 b3 0-1

[Event "SR 3. liga A2 2016/2017"]
[Site "?"]
[Date "2017.02.05"]
[Round "8.1"]
[White "Trojkova, Michaela"]
[Black "Bahna, Jan"]
[Result "0-1"]
[WhiteElo "1691"]
[BlackElo "1836"]
[PlyCount "76"]
[EventDate "2016.??.??"]

1. e4 e5 2. Nf3 Nc6 3. Bc4 Bc5 4. d3 Nf6 5. Bg5 O-O 6. Nc3 Be7 7. O-O d6 8. h3
Na5 9. Bb3 Nxb3 10. axb3 c6 11. Be3 a6 12. Na4 Nd7 13. Qd2 d5 14. Bg5 d4 15.
Bxe7 Qxe7 16. Qa5 Qd8 17. Qb4 b5 18. Nc5 a5 19. Nxd7 axb4 20. Nxf8 Rxa1 21.
Rxa1 f6 22. Nxh7 Kxh7 23. Ra8 Qc7 24. Nh4 c5 25. Nf5 Bxf5 26. exf5 c4 27. bxc4
bxc4 28. dxc4 Qxc4 29. c3 bxc3 30. bxc3 dxc3 31. Ra1 c2 32. Rc1 Qc3 33. g4 Qd2
34. Rxc2 Qxc2 35. Kg2 e4 36. Kg3 Qd3+ 37. Kh4 Qf3 38. g5 Qf4+ 0-1

[Event "SR 3. liga A2 2016/2017"]
[Site "?"]
[Date "2017.02.05"]
[Round "8.1"]
[White "Puskar, David"]
[Black "Sadlon, Matus"]
[Result "1/2-1/2"]
[WhiteElo "1755"]
[BlackElo "1688"]
[PlyCount "95"]
[EventDate "2016.??.??"]

1. c4 c5 2. Nc3 e6 3. Nf3 Nc6 4. g3 Nf6 5. Bg2 Be7 6. e3 O-O 7. d4 cxd4 8. exd4
d5 9. cxd5 exd5 10. O-O Re8 11. a3 Bg4 12. Qd3 Bxf3 13. Bxf3 Rc8 14. b4 Qd7 15.
Bf4 Bd6 16. Bg5 Nxd4 17. Bxf6 Nxf3+ 18. Qxf3 gxf6 19. Nxd5 Be5 20. Nxf6+ Bxf6
21. Qxf6 Rc6 22. Qf4 Qe6 23. Rad1 Rc3 24. Rfe1 Qxe1+ 25. Rxe1 Rxe1+ 26. Kg2
Rxa3 27. Qb8+ Kg7 28. Qf4 Re6 29. Qd4+ Rf6 30. Qd5 Raa6 31. Qxb7 Ra2 32. Qd5
Rfxf2+ 33. Kg1 Rfd2 34. Qg5+ Kf8 35. Qh6+ Ke8 36. Qc6+ Ke7 37. Qc7+ Ke6 38.
Qc6+ Ke5 39. Qc7+ Kd4 40. Qc5+ Kd3 41. Qf5+ Kc3 42. Qe5+ Kc2 43. Qe4+ Kb2 44.
Qe5+ Kb1 45. Qe1+ Kc2 46. Qe4+ Kc1 47. Qe3 Kc2 48. Qe4+ 1/2-1/2